|
|
|
|
| LEADER |
00000nab a2200000 a 4500 |
| 001 |
vtls000225050 |
| 003 |
SK-MaSNL |
| 005 |
20260304073510.0 |
| 008 |
250422c1985 xo 0 slo |
| 015 |
|
|
|a SNBRA19rr/mm-uuuuu
|
| 035 |
|
|
|a CL0235164
|
| 035 |
|
|
|a (urnnbn)urn:nbn:sk:snk:ar-a07res
|
| 035 |
|
|
|a (uuid)00a01c68-c75a-4a56-a2ed-94b5bca9af81
|
| 035 |
|
|
|a urn:nbn:sk:snk-ab8b98
|
| 040 |
|
|
|a SNKBUCL
|b slo
|c SNKBUCL
|e AACR2
|
| 041 |
0 |
|
|a slo
|
| 044 |
|
|
|a xo
|c SK
|
| 080 |
|
|
|a 378.4.096:796.41
|2 1981
|
| 080 |
|
|
|a 796.41
|2 1981
|
| 100 |
1 |
|
|a Rovná, Xénia,
|d 1929-2014
|4 aut
|9 250040
|
| 245 |
1 |
0 |
|a Katedra teórie a didaktiky gymnastiky
|c Xénia Rovná
|
| 300 |
|
|
|b Tb. 1. Obr. 2.
|
| 610 |
2 |
7 |
|a Univerzita Komenského v Bratislave.
|b Fakulta telesnej výchovy a športu
|2 snkbucl
|
| 655 |
|
7 |
|a články zo zborníkov
|2 snkbucl
|9 166140
|
| 773 |
0 |
|
|t Acta Facultatis educationis physicae Universitatis Comenianae. Publicatio 26
|d Bratislava : Šport, 1985
|g S. 200-213
|
| 850 |
|
|
|a Slovenská národná knižnica
|
| 852 |
|
|
|a Slovenská národná knižnica
|
| 954 |
|
|
|a odborná, vedecká literatúra pôvodná (slovenská)
|2 lita
|
| 957 |
|
|
|a 5100
|
| 958 |
|
|
|a article9
|
| 958 |
|
|
|a RK
|
| 958 |
|
|
|a OND
|
| 958 |
|
|
|a EUIPO
|
| 992 |
|
|
|a RZB
|
| 999 |
|
|
|c 2771808
|d 2773738
|